| 000 | 00681nac a22002051u 4500 | ||
|---|---|---|---|
| 010 | _a008757600 | ||
| 020 | _a0521337534 (pbk) | ||
| 082 |
_a004 _bK143 |
||
| 090 |
_c4166 _d4166 |
||
| 100 | _aKalicharan, Noel. | ||
| 245 |
_aAn introduction to computer studies / _cNoel Kalicharan. |
||
| 260 |
_aCambridge : _bCambridge University Press, _cC.1988. |
||
| 300 |
_aviii,367p. : _bill. ; _c 26cm. |
||
| 504 | _aIncludes index. | ||
| 650 | _aElectronic data processing. | ||
| 650 | _aComputers. | ||
| 650 | _aComputer sciences . | ||
| 942 |
_cBB _k004K143 |
||
| 999 |
_c4166 _d4166 |
||